Destellos. Poesías

Saved in:
Bibliografiske detaljer
Hovedforfatter: Montt y Montt, Ambrosio (autor)
Format: Bog
Sprog:spansk
Udgivet: París Garnier Hermanos, Libreros, Editores 1903
Udgivelse:1a. ed
Fag:
Tags: Tilføj Tag
Ingen Tags, Vær først til at tagge denne postø!

MARC

LEADER 00000nam a2200000 a 4500
001 UCJ3373
003 CL-VaPUC
008 070124e19030000FR |||||||||||||||||spa|d
082 0 4 |a Ch861  |b MON  |2 21 
100 |a Montt y Montt, Ambrosio  |e autor  |9 511862 
245 1 0 |a Destellos. Poesías 
250 |a 1a. ed 
300 |a 238 p 
942 |c BK 
945 |d 20070124 00:00:00  |a rinostro 
260 |a París  |b Garnier Hermanos, Libreros, Editores  |c 1903 
500 |a Retrato del autor y dedicatoria autógrafa para Don Eduardo B. Budge 
600 0 7 |a BUDGE BARNARD, EDUARDO B  |2 CL-VaPUC  |9 505135 
650 0 |a Poesía chilena   |9 268403 
583 |a last modification  |c 20070124 00:00:00  |k Rodrigo Vera 
999 |c 319495  |d 319493 
952 |0 0  |1 0  |4 0  |6 CH_861_000000000000000_MON_1903  |7 0  |8 X  |9 397827  |a FDOBUD  |b FDOBUD  |d 2019-11-22  |i 1002805  |o Ch861 MON 1903  |p 1002805  |r 2019-11-22  |w 2019-11-22  |y BK_X  |k BUD